Qualitative Data Analysis : A Methods Sourcebook /

Збережено в:
Бібліографічні деталі
Автор: Miles, Matthew B. (autor)
Інші автори: Huberman, A. Michael (autor) (autor), Saldaña, Johnny (autor) (autor)
Формат: Книга
Мова:Англійська
Опубліковано: Los Angeles, EUA : Sage, 2014, c2014
Редагування:3a edición
Предмети:
Теги: Додати тег
Немає тегів, Будьте першим, хто поставить тег для цього запису!

MARC

LEADER 00000nam^a2200000^a^4500
001 000399250
005 20250521000000.0
009 20260310121547.869
020 |a 978-1-4522-5787-7 
037 |a Acervo ITESO - Biblioteca 
041 |a ING 
082 |a 300. 1  |b MIL 
100 |a Miles, Matthew B.  |e (autor) 
245 1 0 |a Qualitative Data Analysis :  |b A Methods Sourcebook /  |c M.B. Miles, A.M. Huberman, J. Saldaña. 
250 |a 3a edición 
264 4 |a Los Angeles, EUA :  |b Sage,  |c 2014, c2014 
300 |a XXIII, 381 p. 
336 |a texto  |b txt  |2 rdacontenido 
337 |a sin mediación  |b n  |2 rdamedio 
338 |a volumen  |b nc  |2 rdasoporte 
521 |a FIL 2017 EEnlace Departamento de Estudios Sociopolíticos y Jurídicos 
649 |a XX 
650 |a Ciencias Sociales -  |x Metodología 
650 |a Metodología Cualitativa -  |x Tema Principal 
650 |a Metodología 
700 |a Huberman, A. Michael  |e (autor) 
700 |a Saldaña, Johnny  |e (autor) 
910 |a Fondo General 
920 |a Impresos - Libros 
930 |a Colección General 
905 |a 101 
901 |a 0500294426  |b IT1  |c ACC  |i c157869  |u 20250521 
902 |a https://opac.biblio.iteso.mx/vufind/Record/000399250